00767 a2200157 4500003000500000005001700005040000900022082001900031100003100050245004100081260003100122300002300153505037700176600003100553650002500584Nust20221227172038.0 cNust a621.348152,STU aSturley, Kenneth Reginald. aFrequency Modulation /cK.R. Sturley aHulton PressbLondonc1942 a57 pbillusc22 cm aGeneral Nature of the System (Page-1), The Advantages and Disadvantages of Frequency Modulated and Phase Modulated Transmission (Page-11), Methods of Modulating the Frequency or Phase a Carrier (Page-21), The Frequency Modulation Receiver (Page-37), The Frequency Modulation Receiver (Page-51), Frequency to Amplitude Conversion (Page-67), The Complete Receiver (Page-83). aSturley, Kenneth Reginald. aFrequency modulation